Rajecké Teplice

Zobrazenie: V bielom orámovaní jeden pohľad na letnú terasu pred budovou, jeden pohľad z parku na budovu liečebného ústavu v pozadí, pred ktorým vpravo a vľavo sú stromy, jeden oválny pohľad na kostol, jeden pohľad zo strany na budovu a jeden pohľad z trávnika, zo strany na liečebný ústav...

Full description

Bibliographic Details
Other Authors: Tarábek, Ján, 1978- (Photographer)
Format: Photo
Language:Slovak
PhysicalDescription:1 pohľadnica (5 čiastkových pohľadov) farebná 11 x 15 cm
Published: [Nitra] FOTAR [1998?]
Subjects:

MARC

LEADER 00000ckm a2200000 a 4500
001 vtls001321177
003 SK-MaSNL
005 20260331203542.0
007 kf co
008 230706q1998 xo g 0kuslo
015 |a SNBG1998/02-01179 
035 |a SNK000273830 
035 |a urn:nbn:sk:snk-km45v5w 
035 |a 3C045D8E-FAF9-43AB-806A-35E67EFEBBDE 
035 |a urn:nbn:sk:snk-km00fah5 
040 |a SNK  |b slo  |c SNK  |e AACR2 
041 0 |a slo 
043 |a e-xo--- 
044 |a xo  |c SK 
072 7 |a 913  |x Regionálna geografia  |2 konspekt 
080 |a 913.437.658(084.121)  |2 1981 
080 |a 913(437.6)  |2 2011 
080 |a 725.1:615.838  |2 2011 
080 |a 721  |2 2011 
080 |a 711.455:615.838  |2 2011 
080 |a 614.2:[725.1:614.21]  |2 2011 
080 |a 904(084.121)  |2 2011 
080 |a 726:27-523.42  |2 2011 
100 1 |a Tarábek, Ján,  |d 1978-  |4 pht  |9 178454 
245 1 0 |a Rajecké Teplice  |h grafika  |c foto Ján Tarábek 
246 1 |i Názov na obrazovej časti:  |a Rajecké Teplice 
260 |a [Nitra]  |b FOTAR  |c [1998?]  |e Skalica  |f Grafobal 
300 |a 1 pohľadnica (5 čiastkových pohľadov)  |b farebná  |c 11 x 15 cm 
500 |a Na adresnej časti uvedené: "Foto © Ing. Ján Tarábek" 
500 |a Rok vydania určený na základe prírastkového čísla 
500 |a Na adresnej časti uvedený názov firmy "Fomei foto video audio", jej adresa, telefón a fax 
500 |a Na adresnej časti uvedené: "Rajecké Teplice - písomne doložené r. 1376, keď už boli známe alkalicko-zemité termálne pramene, pri ktorých zač. 17. stor. boli vybudované kúpele" 
520 8 |a Zobrazenie: V bielom orámovaní jeden pohľad na letnú terasu pred budovou, jeden pohľad z parku na budovu liečebného ústavu v pozadí, pred ktorým vpravo a vľavo sú stromy, jeden oválny pohľad na kostol, jeden pohľad zo strany na budovu a jeden pohľad z trávnika, zo strany na liečebný ústav 
650 0 7 |a kúpeľné budovy  |2 SNKPH  |9 102104 
650 0 7 |a liečebne  |2 SNKPH  |9 56920 
650 0 7 |a budovy  |2 SNKPH  |9 1283 
650 0 7 |a kúpele  |2 SNKPH  |9 1139 
650 0 7 |a kostoly  |2 SNKPH  |9 3023 
650 0 7 |a kultúrne pamiatky  |2 SNKPH  |9 2862 
651 7 |a Rajecké Teplice (Slovensko)  |2 SNKPHgeo  |9 25477 
655 7 |a miestne pohľadnice  |2 SNKPH  |9 70510 
655 7 |a pohľadnice kultúrnych pamiatok  |2 SNKPH  |9 70523 
852 |a Slovenská národná knižnica 
958 |a GBN 
958 |a GC 
958 |a OND 
999 |c 545129  |d 547059 
952 |t P60, <03>, [BOOK], {603}  |a SNK  |b SNK  |y PREZ  |7 0  |p 17A1291944  |o snkSP 148296  |i snkPV 177/98  |0 0  |1 0  |4 0  |d 1998-02-17  |f 1  |l 0  |r 2005-01-02 00:00:00  |w 2026-02-23 
952 |t P60, <04>, [BOOK], {604}  |a SNK  |b SNK  |y PREZ  |7 0  |p 17A1291945  |o snkSP 148296 D1  |i snkPV 178/98  |0 0  |1 0  |4 0  |d 1998-02-17  |l 0  |r 2005-01-02 00:00:00  |w 2026-02-23